Learning curriculum and Employabilitity in Higher Education (Record no. 8922)

MARC details
000 -LEADER
fixed length control field 00569nam a22002057a 4500
003 - CONTROL NUMBER IDENTIFIER
control field OSt
005 - DATE AND TIME OF LATEST TRANSACTION
control field 20240626122101.0
008 - FIXED-LENGTH DATA ELEMENTS--GENERAL INFORMATION
fixed length control field 240626b |||||||| |||| 00| 0 eng d
020 ## - INTERNATIONAL STANDARD BOOK NUMBER
International Standard Book Number 9780415303439
040 ## - CATALOGING SOURCE
Transcribing agency MUST
082 ## - DEWEY DECIMAL CLASSIFICATION NUMBER
Classification number 315 KNI 2009
100 ## - MAIN ENTRY--PERSONAL NAME
Personal name Knight, Peter
9 (RLIN) 18058
245 ## - TITLE STATEMENT
Title Learning curriculum and Employabilitity in Higher Education
Statement of responsibility, etc. Peter Knight
260 ## - PUBLICATION, DISTRIBUTION, ETC. (IMPRINT)
Place of publication, distribution, etc. London
Name of publisher, distributor, etc. Routledge
Date of publication, distribution, etc. 2004
300 ## - PHYSICAL DESCRIPTION
Extent viii,241p;
504 ## - BIBLIOGRAPHY, ETC. NOTE
Bibliography, etc Indexes and References included
650 ## - SUBJECT ADDED ENTRY--TOPICAL TERM
Source of heading or term Employabilitity
700 ## - ADDED ENTRY--PERSONAL NAME
Personal name Yorke Mantz
9 (RLIN) 12808
942 ## - ADDED ENTRY ELEMENTS (KOHA)
Source of classification or shelving scheme Dewey Decimal Classification
Koha item type Open Shelf
Holdings
Withdrawn status Lost status Source of classification or shelving scheme Damaged status Not for loan Home library Current library Date acquired Source of acquisition Inventory number Total Checkouts Full call number Barcode Date last seen Price effective from Koha item type
    Dewey Decimal Classification     MUST Main Library MUST Main Library 26/06/2024 purchase 19/41062   315 KNI 2009 2024-21433 26/06/2024 26/06/2024 Open Shelf